<?xml version="1.0" encoding="UTF-8"?>
<record
    xmlns:xsi="http://www.w3.org/2001/XMLSchema-instance"
    xsi:schemaLocation="http://www.loc.gov/MARC21/slim http://www.loc.gov/standards/marcxml/schema/MARC21slim.xsd"
    xmlns="http://www.loc.gov/MARC21/slim">

  <leader>02566nam a2200337 a 4500</leader>
  <controlfield tag="003">OSt</controlfield>
  <controlfield tag="005">20250925090936.0</controlfield>
  <controlfield tag="007">cr ||||||a|a|a</controlfield>
  <controlfield tag="008">250826s2025    mx a|||fom||| 001 0 spa d</controlfield>
  <datafield tag="040" ind1=" " ind2=" ">
    <subfield code="e">rda</subfield>
  </datafield>
  <datafield tag="100" ind1="1" ind2=" ">
    <subfield code="a">Yama Aguilar, Jhoselyn Sugeydi</subfield>
    <subfield code="9">190982</subfield>
  </datafield>
  <datafield tag="245" ind1="1" ind2="0">
    <subfield code="a">Estructura Forestal y reservorios de carbono arb&#xF3;reo en Manglares de Marismas Nacionales/</subfield>
    <subfield code="c">por Jhoselyn Sugeydi Yama Aguilar; director de tesis Eduardo Vald&#xE9;s Velarde; secretario Eliseo Hern&#xE1;ndez Hern&#xE1;ndez; vocal Manuel Jes&#xFA;s Negrete Quijano; suplente Jos&#xE9; Antonio &#xC1;vila Dorantes; suplente Joel Loera P&#xE9;rez.</subfield>
  </datafield>
  <datafield tag="264" ind1=" " ind2="1">
    <subfield code="a">Chapingo, M&#xE9;xico :</subfield>
    <subfield code="b">El autor,</subfield>
    <subfield code="c">2025.</subfield>
  </datafield>
  <datafield tag="300" ind1=" " ind2=" ">
    <subfield code="a">1 recurso en l&#xED;nea (105 p&#xE1;ginas):</subfield>
    <subfield code="b">cuadros, figuras.</subfield>
  </datafield>
  <datafield tag="336" ind1=" " ind2=" ">
    <subfield code="2">rdacontent</subfield>
    <subfield code="a">texto</subfield>
    <subfield code="b">txt</subfield>
  </datafield>
  <datafield tag="337" ind1=" " ind2=" ">
    <subfield code="2">rdamedia</subfield>
    <subfield code="a">computadora</subfield>
    <subfield code="b">c</subfield>
  </datafield>
  <datafield tag="338" ind1=" " ind2=" ">
    <subfield code="2">rdacarrier</subfield>
    <subfield code="a">recurso en l&#xED;nea</subfield>
    <subfield code="b">cr</subfield>
  </datafield>
  <datafield tag="502" ind1=" " ind2=" ">
    <subfield code="b">IDA</subfield>
    <subfield code="c">DCRU</subfield>
    <subfield code="d">2025.</subfield>
    <subfield code="g">LIC</subfield>
  </datafield>
  <datafield tag="504" ind1=" " ind2=" ">
    <subfield code="a">Incluye referencias bibliogr&#xE1;ficas:83-98 p&#xE1;ginas .</subfield>
  </datafield>
  <datafield tag="520" ind1=" " ind2=" ">
    <subfield code="a">Los manglares son fuentes de servicios ecosist&#xE9;micos como la captura y almacenamiento de carbono, importantes para contrarrestar los efectos del cambio clim&#xE1;tico. El objetivo fue caracterizar la estructura forestal mediante la estimaci&#xF3;n de la biomasa a&#xE9;rea para la obtenci&#xF3;n de los reservorios de carbono a&#xE9;reo en manglares de Marismas Nacionales. Se evaluaron atributos dasom&#xE9;tricos en ocho unidades de muestreo para la determinaci&#xF3;n de biomasa, captura de carbono a&#xE9;reo e &#xED;ndices ecol&#xF3;gicos en cinco municipios en Nayarit que engloban el complejo de Marismas Nacionales. Los resultados reflejaron que, la estructura forestal de los mangles se encuentra en un estado juvenil con un valor promedio de 63.01 𝑀𝑔 &#x210E;𝑎&#x2212;1 de biomasa dado por su din&#xE1;mica de comunidad vegetal representada por L. racemosa como la especie m&#xE1;s representativa. Originado un almacenamiento de carbono arb&#xF3;reo alto, con valores promedios de 53.77 𝑀𝑔 &#x210E;𝑎&#x2212;1.</subfield>
  </datafield>
  <datafield tag="650" ind1=" " ind2="4">
    <subfield code="a">Manglares</subfield>
    <subfield code="x">Dasometr&#xED;a</subfield>
    <subfield code="9">191241</subfield>
  </datafield>
  <datafield tag="650" ind1=" " ind2="4">
    <subfield code="a">Manglares</subfield>
    <subfield code="x">Secuestro de carbono</subfield>
    <subfield code="9">191240</subfield>
  </datafield>
  <datafield tag="650" ind1=" " ind2="4">
    <subfield code="a">Dioxido de carbono</subfield>
    <subfield code="x">Medici&#xF3;n</subfield>
    <subfield code="9">190762</subfield>
  </datafield>
  <datafield tag="700" ind1="1" ind2=" ">
    <subfield code="a">Vald&#xE9;s Velarde, Eduardo</subfield>
    <subfield code="9">117370</subfield>
    <subfield code="e">director.</subfield>
  </datafield>
  <datafield tag="700" ind1="1" ind2=" ">
    <subfield code="a">Hern&#xE1;ndez Hern&#xE1;ndez, Eliseo</subfield>
    <subfield code="9">135460</subfield>
    <subfield code="e">secretario.</subfield>
  </datafield>
  <datafield tag="700" ind1="1" ind2=" ">
    <subfield code="a">Negrete Quijano, Manuel Jes&#xFA;s</subfield>
    <subfield code="9">191129</subfield>
    <subfield code="e">vocal.</subfield>
  </datafield>
  <datafield tag="700" ind1="1" ind2=" ">
    <subfield code="a">&#xC1;vila Dorantes, Jos&#xE9; Antonio</subfield>
    <subfield code="9">82460</subfield>
    <subfield code="e">suplente.</subfield>
  </datafield>
  <datafield tag="700" ind1="1" ind2=" ">
    <subfield code="a">Loera P&#xE9;rez, Joel</subfield>
    <subfield code="9">191128</subfield>
    <subfield code="e">suplente.</subfield>
  </datafield>
  <datafield tag="856" ind1=" " ind2=" ">
    <subfield code="u">http://10.13.5.2/tesis/tl/1912613-6_YAMA_AGUILAR_JHOSELYNSUGEYDI.pdf</subfield>
    <subfield code="z">DESCARGAR PDF</subfield>
  </datafield>
  <datafield tag="942" ind1=" " ind2=" ">
    <subfield code="2">Clasificaci&#xF3;n Universidad Aut&#xF3;noma Chapingo</subfield>
    <subfield code="c">TD</subfield>
  </datafield>
  <datafield tag="999" ind1=" " ind2=" ">
    <subfield code="c">220864</subfield>
    <subfield code="d">220864</subfield>
  </datafield>
  <datafield tag="952" ind1=" " ind2=" ">
    <subfield code="0">0</subfield>
    <subfield code="1">0</subfield>
    <subfield code="2">local</subfield>
    <subfield code="4">0</subfield>
    <subfield code="5">1</subfield>
    <subfield code="7">0</subfield>
    <subfield code="8">TesDigL</subfield>
    <subfield code="a">BD</subfield>
    <subfield code="b">BD</subfield>
    <subfield code="c">E_L</subfield>
    <subfield code="d">2025-08-26</subfield>
    <subfield code="l">0</subfield>
    <subfield code="o">Tesis digital</subfield>
    <subfield code="r">2025-08-26 14:54:53</subfield>
    <subfield code="w">2025-08-26</subfield>
    <subfield code="y">TD</subfield>
  </datafield>
</record>
